000 00814cam a22002531 4500
001 he 67000203
003 DLC
005 20260227111443.0
008 840326s1957 is 000 0 heb
010 _ahe 67000203
035 _a(OCoLC)19156487
040 _aDLC
_cMH
_dDLC
042 _apremarc
050 0 0 _aPT2625.A44
_bJ715
100 1 _aMann, Thomas,
_d1875-1955.
245 1 0 _aYosef ṿe-eḥaṿ /
_cʻIvrit: Mordekhai Avi-Shaʼul : tsiyurim: Sheraga Ṿayil.
260 _aMerḥavyah :
_bSifriyat-poʻalim,
_c[1957-1972]
300 _a4 v. in 3 :
_bill., mounted port. ;
_c25 cm.
440 0 _aSifre mofet
500 _aAdded title page: Joseph und Seine Brüder.
600 0 0 _aJoseph,
_cSon of Jacob
_xFiction
700 2 _aAvi-Shaul, Mordechai,
_d1898-1988,
_etr.
752 _aIsrael
_dMerḥavyah
999 _c32112
_d32112